La tierra baldía /

Gespeichert in:
Bibliographische Detailangaben
1. Verfasser: Eliot, T. S. (Thomas Stearns), 1888-1965 (VerfasserIn)
Weitere Verfasser: Bravo Varela, Hernán, 1979- (ÜbersetzerIn, contributor agent of text.)
Format: Elektronisch E-Book
Sprache:Spanisch
Englisch
Veröffentlicht: Ciudad de México : Universidad del Claustro de Sor Juana : Fondo de Cultura Económica, 2023.
Ausgabe:Primera edición en libro electrónico.
Schriftenreihe:Poesía (Fondo de Cultura Económica (Mexico))
Schlagworte:
Online-Zugang:Digitalia Hispánica
Tags: Tag hinzufügen
Keine Tags, Fügen Sie den ersten Tag hinzu!

MARC

LEADER 00000nam a2200000Ii 4500
001 DIGFCE2620
003 NyNyDIG
006 m o d
007 cr |||||||||||
008 250204s2023 mx o 000 p spa d
035 |a (OCoLC)1427225794 
040 |a DGITA  |b eng  |e rda  |e pn  |c DGITA 
020 |a 9786071681508  |q (ePub) 
020 |a 9786071681515  |q (mobi) 
020 |z 9786071676375  |q (rústica-FCE) 
020 |z 9786077853244  |q (rústica-Claustro de Sor Juana) 
041 1 |a spa  |h eng 
050 1 4 |a PS3509.L43 ebook 
100 1 |a Eliot, T. S.  |q (Thomas Stearns),  |d 1888-1965,  |e author. 
240 1 0 |a Waste land.  |l Spanish  |s (Bravo Varela) 
245 1 3 |a La tierra baldía /  |c T. S. Eliot ; versión, prólogo y notas de Hernán Bravo Varela. 
250 |a Primera edición en libro electrónico. 
264 1 |a Ciudad de México :  |b Universidad del Claustro de Sor Juana :  |b Fondo de Cultura Económica,  |c 2023. 
300 |a 1 online resource. 
336 |a text  |b txt  |2 rdacontent 
337 |a computer  |b c  |2 rdamedia 
338 |a online resource  |b cr  |2 rdacarrier 
347 |a text file  |2 rdaft 
347 |b EPUB 
490 1 |a Poesía 
588 0 |a Online resource; title from ePub title page (Digitalia, viewed February 4, 2025) 
655 7 |a Poetry.  |2 lcgft 
700 1 |a Bravo Varela, Hernán,  |d 1979-  |e translator,  |e contributor agent of text. 
700 1 |i Translation of:  |a Eliot, T. S. (Thomas Stearns), 1888-1965.  |t Waste land. 
791 2 |a Digitalia (Firm),  |e distributor. 
793 0 |g Digitalia eBook Collection:  |a Fondo de Cultura Económica 
776 0 8 |i Print version:  |a Eliot, T. S. (Thomas Stearns), 1888-1965.  |s Waste land. Spanish (Bravo Varela).  |t Tierra baldía.  |b Primera edición.  |d Ciudad de México : Universidad del Claustro de Sor Juana : Fondo de Cultura Económica, 2022  |z 9786071676375 
830 0 |a Poesía (Fondo de Cultura Económica (Mexico))  
856 4 0 |3 Digitalia Hispánica  |u https://digitalia.unach.elogim.com/a/161202/ 
910 |a Premium collection: 2025